| 000 | 00508nam a22001937a 4500 | ||
|---|---|---|---|
| 999 |
_c124711 _d124711 |
||
| 005 | 20211116120240.0 | ||
| 008 | 211116b ||||| |||| 00| 0 eng d | ||
| 020 | _a9789352705474 | ||
| 040 | _cPK-LaUMT | ||
| 082 |
_a616.07 _bMOH-P |
||
| 100 | _aMohan, Harsh | ||
| 245 |
_aPathology : _bquick review / _cby Harsh Mohan |
||
| 250 | _a5th ed. | ||
| 260 |
_aNew Delhi : _bJaypee Brothers Medical Publishers, _c2019 |
||
| 300 | _a598 p. | ||
| 650 | _aPathology | ||
| 650 | _aPathology-Human | ||
| 942 | _cBK | ||